000
00239nam a2200109Ia 4500
100
_a
Slides
942
_c
BK
654
_a
welds
245
_a
Slide Chart GW1:Types of Welds and symbols
260
_b
Slide o chart
_a
Pune
546
_a
ENGLISH
999
_c
19435
_d
19435